Mots récurrents espagnol (A) - Statistiques

Statistiques générales
  • Ce quiz a été pris 127 fois
    88 depuis la dernière actualisation
  • Le résultat moyen est 6 sur 30
Statistiques - réponses
Hint Réponse % Correct
L’aide La ayuda
87%
Aider Ayudar
83%
Achat La compra
70%
Apprendre(élève) Aprender
60%
Augmenter Incrementar / aumentar
53%
Accord El acuerdo
50%
Avenir El porvenir / el futuro
50%
Annoncer Anunciar
47%
Arrêter Parar
44%
Acheter Comprar
42%
Analyse El análisis
42%
Affiche El cartel
40%
Apprendre(prof) Enseñar
36%
Autoroute La autopista
33%
Avantage La ventaja
33%
Arriver(à faire qqch) Lograr / conseguir
29%
Agir Actuar
27%
Assister à Asistir a / presenciar
25%
Augmentation El incremento / el aumento
25%
Améliorer Mejorar
25%
Avoir lieu Tener lugar
25%
Ajouter(conversation) Añadir
24%
Avant-gardiste Vanguardista
23%
Auditer Auditar
22%
Allié El aliado
22%
Affaire(économique) El negocio
21%
Se mettre d’accord Ponerse de acuerdo / acordarse
21%
À l’avance, par avance De antemano / por anticipado / con antelación
20%
Affaire (judicière) El caso
20%
Attention (faire) Tener cuidado
20%
Aller-retour La ida y vuelta
18%
Approcher de (s’) Acercarse a / aproximarse a / avecinarse a
17%
Aire La área
16%
L’assemblée(politique) La asamblea
15%
Atteindre Alcanzar
14%
Annuler(général) Cancelar
14%
Accorder(qqch à qqn) Conceder/ otorgar
14%
Affronter Enfrentarse con
14%
Assurance El seguro
13%
Allocation El subsidio
12%
Avant-garde La vanguardia
12%
Affaire (sujet,thème) El asunto
10%
Apprendre(une nouvelle) Enterarse de
10%
Alibi La coartada
9%
Mettre une amende Multar
8%
Arrêter (qqn,qqch) Detener
7%
Actionnaire El accionista
7%
L’annonceur(pub) El anunciante
7%
Avertissement (mise en garde) La advertencia
7%
Âgé (personnes âgées) Las personas de edad / los mayores / los ancianos
7%
Ajouter(addition) Sumar
7%
Aisé Acomodado
6%
Allusion (faire) Aludir a
6%
Avertir Avisar
6%
Avance (argent) El anticipo
6%
Atelier El taller
6%
Adresse La dirección
6%
L’assemblée(administration) La junta
6%
Amende La multa
6%
Approvisionner Abastecer / suministrar / proveer
0%
Ajourner Aplazar / posponer
0%
Assurer Asegurar
0%
S’assurer de qqch (vérifier) Cerciorarse de
0%
Annuler(dette) Condonar
0%
Avouer Confesar
0%
Arrêter (de faire qqch) Dejar de
0%
Adresser Dirigirse a
0%
L’approvisionnement El abastecimiento / el suministro
0%
Avertissement (information) El aviso
0%
Associé, collaborateur El socio
0%
Audit La auditoría
0%
Atout La baza
0%
Ajourner (repousser, reporter) Postergar
0%
Avérer (s’) Resultar
0%
Adoucir Suavizar
0%
Ajourner (annuler) Suspender
0%
Aucun quiz correspondant
Distribution des résultats
% des personnes avec chaque résultat
Percentile par nombre de réponses
Votre historique - résultats
Vous n’avez pas pris ce quiz depuis la dernière actualisation